书目信息 |
| 题名: |
城市公园设计
|
|
| 作者: | 孟刚 编著 | |
| 分册: | ||
| 出版信息: | 上海 同济大学出版社 2003.01 |
|
| 页数: | 185页 | |
| 开本: | 29cm | |
| 丛书名: | ||
| 单 册: | ||
| 中图分类: | TU986.2 | |
| 科图分类: | ||
| 主题词: | 园林--规划 , 公园--绿化规划 | |
| 电子资源: | ||
| ISBN: | 7-5608-2509-5 | |
| 000 | 00574nam0 2200205 45 | |
| 001 | 0360490397 | |
| 005 | 2003100816481021 | |
| 010 | @a7-5608-2509-5@dCNY 35.00 | |
| 100 | @a20031008d2003 km y0chiy0120 ea | |
| 101 | 0 | @achi |
| 102 | @aCN@b310000 | |
| 200 | 1 | @a城市公园设计@ACheng Shi Gong Yuan She Ji@f孟刚等编著@FMeng Gang Deng Bian Zhu |
| 210 | @a上海@c同济大学出版社@d2003.01 | |
| 215 | @a185页@d29cm | |
| 606 | 0 | @a园林@x规划 |
| 606 | 0 | @a公园@x绿化规划 |
| 690 | @aTU986.2@v3 | |
| 701 | 0 | @a孟刚@AMeng Gang@4编著 |
| 801 | 0 | @aCN@bPFT@c20031008 |
| 905 | @dTU986.2@eM587 | |
| 城市公园设计/孟刚等编著.-上海:同济大学出版社,2003.01 |
| 185页;29cm |
| ISBN 7-5608-2509-5:CNY 35.00 |
| ● |
| 相关链接 |
|
|
|
正题名:城市公园设计
索取号:TU986.2/M587
 
预约/预借
| 序号 | 登录号 | 条形码 | 馆藏地/架位号 | 状态 | 备注 |
| 1 | 371741 | 203717415 | 建筑库201/201建筑库 68排4列3层/ [索取号:TU986.2/M587] | 在馆 | |
| 2 | 371742 | 203717424 | 建筑库201/201建筑库 68排4列3层/ [索取号:TU986.2/M587] | 在馆 | |
| 3 | 371743 | 203717433 | 建筑库201/201建筑库 68排4列3层/ [索取号:TU986.2/M587] | 在馆 | |
| 4 | 371744 | 203717442 | 建筑库201/201建筑库 68排4列3层/ [索取号:TU986.2/M587] | 在馆 | |
| 5 | 371745 | 203717451 | 建筑库201/201建筑库 68排4列3层/ [索取号:TU986.2/M587] | 在馆 |